Star Academy 2023 - Les titres solos - Statistiques

Statistiques générales
  • Ce quiz a été pris 492 fois
  • Le résultat moyen est 17 sur 41
Statistiques - réponses
Hint Réponse % Correct
Ceux qu'on était
90%
Summer body
89%
Héléna Aimée pour de vrai
72%
Sans toi
72%
Nous on sait
71%
Nouveau coeur
71%
Chaque seconde
69%
Les fleurs
66%
Lénie J'ai plus peur
60%
Pas une larme
57%
Candice Fleurs fanées
56%
Tout en mieux
55%
Axel Chante
54%
L'horizon
52%
Le tour du monde
45%
Comme toi
43%
Julien Comme tout le monde
43%
Les mots
43%
Encore une fois
42%
Privilèges
41%
Clara Dans tes bras
40%
Embrasse-moi
39%
Pour la première fois
39%
Ce qui me va
37%
Sur pause
36%
Pierre Garnier Comment faire
35%
A mes côtés
34%
Victorien Tous les matins
31%
Mon regard
27%
Plus rien
27%
Djebril Le temps
25%
Louis Plus rien à t'offrir
22%
Lola Papillons
17%
Je doute
15%
Margot Quand tu danse
13%
Marie Maud Si j'ai mal
13%
Tombée sur toi
12%
Forcément
11%
Comme un enfant
10%
Me voilà
10%
Tu n'existe pas
4%
Aucun quiz correspondant
Distribution des résultats
% des personnes avec chaque résultat
Percentile par nombre de réponses
Votre historique - résultats
Vous n’avez pas pris ce quiz